000 01487cam a2200301 a 4500
001 4432509
005 20060728201642.0
008 940406s1995 enk b 001 0 eng
010 _a 94015093
020 _a0415104742 (hbk.)
020 _a0415104750 (pbk.)
040 _aDLC
_cDLC
_dDLC
050 0 0 _aJX1635
_b.H36 1995
082 0 0 _a327.209
_220
_bHAM
100 1 _aHamilton, Keith,
_d1942-
_913880
245 1 4 _aThe Practice of Diplomacy :
_bIts Evolution, Theory, and Administration /
_cKeith Hamilton and Richard Langhorne.
260 _aLondon :
_bRoutledge,
_cc1995.
300 _avii, 279 p. ;
_c25 cm.
504 _aIncludes bibliographical references and index.
650 0 _aDiplomacy.
_913881
700 1 _aLanghorne, Richard,
_d1940-
_913882
856 4 2 _3Publisher description
_uhttp://www.loc.gov/catdir/enhancements/fy0648/94015093-d.html
942 _2ddc
_cBB
999 _c10222
_d10222